| 000 | 00766nam a2200217 i 4500 | ||
|---|---|---|---|
| 001 | 183874 | ||
| 003 | 11043 | ||
| 090 | _a183874 | ||
| 100 | _a20130120d9999 u||y0 y50 zz | ||
| 105 | _a 000yy | ||
| 106 | _ay | ||
| 200 |
_aГригорій Верьовка _eбіографічна повість _fС. Д. Козак __Григорій Верьовка |
||
| 210 |
_d1981 _aКиїв _cМолодь |
||
| 215 |
_a232 с. __232 _cіл. |
||
| 225 |
_aСерія біографічних творів. _hВ.51 _dУславлені імена |
||
| 246 | 0 | _bбіографічна повість | |
| 675 | _a78(477)(092) (ч/з) | ||
| 700 |
_aКозак _bС. Д. |
||
| 701 |
_aКозак _bС. Д. |
||
| 942 |
_2udc _cBOOK _j78(477)(092) (ч/з) _z11043 |
||
| 999 |
_c11043 _d11043 |
||